000 00912nam a2200241Ia 4500
999 _c36020
_d36020
001 1919
003 GE_BSU
005 20221010161812.0
008 181216s2007ru xx |||||||||||||| ||rus||
020 _a9785482015100
040 _cGE_BSU
041 _arus
080 _a347.441(083.2) С-23
245 _aСборник договоро :
_bБолее 400 документов /
_cAвт-сост. А.Н. Долженко [ и др.]
250 _a3-е изд. перераб. и доп.
264 _aМосква :
_bПроспект,
_c2007.
300 _a784 с.:
653 _aСборник договоро.Более 400 документов
653 _aხელშეკრულებების კრებული
653 _aსამართალი
700 _a Долженко, А.Н. [ и др.]
_eავტორ-შემდგენელი
_915207
942 _cBK
_2udc